000 00458nam a2200157 4500
001 113411
003 ES-MaACL
007 t|
008 061121s1973 fr r ||||1| fre d
100 1 _aNiven, David.
_985783
245 1 0 _aDecrocher la lune /
_cDavid Niven ; traduit par Simone Hilling.
260 _aParis :
_bRobert Laffont,
_c1973.
300 _a338 p., 8 lám. ;
_c24 cm.
700 1 _aHilling, Simone.
_963729
852 _aES-MaACL
_jE-5304
_bR.89584
999 _c113411
_d113411